| 000 | 01797cam0a2200577 4500 | ||
|---|---|---|---|
| 001 | 13983 | ||
| 003 | http://www.sudoc.fr/180231154 | ||
| 005 | 20251213175357.0 | ||
| 010 |
_a9782081336551 _d2,90 EUR |
||
| 020 |
_aFR _b01444742 |
||
| 021 |
_aFR _bDLE-20140617-37204 |
||
| 033 | _ahttp://catalogue.bnf.fr/ark:/12148/cb43843015v | ||
| 035 | _a(OCoLC)406836622 | ||
| 035 |
_aFRBNF438430150000002 _zFRBNF43843015 |
||
| 073 | 0 | _a9782081336551 | |
| 090 | _a13983 | ||
| 099 | _o0 | ||
| 100 | _a20140904d2014 m y0frey50 ba | ||
| 101 | 1 | _afre | |
| 101 | 1 | _cger | |
| 102 | _aFR | ||
| 105 | _aa z 000ay | ||
| 181 |
_6z01 _ctxt _2rdacontent |
||
| 181 | 1 |
_6z01 _ai# _bxxxe## |
|
| 182 |
_6z01 _cn _2rdamedia |
||
| 182 | 1 |
_6z01 _an |
|
| 183 | 1 |
_6z01 _anga _2RDAfrCarrier |
|
| 200 | 1 |
_aLe Petit Chaperon rouge _eet autres contes _bLIVR |
|
| 205 | _aÉdition revue 2014 | ||
| 214 | 0 |
_cFlammarion _dDL 2014 |
|
| 214 | 0 | _aParis | |
| 215 | _a1 vol. (178 p.-[8] p. de pl.) | ||
| 215 |
_cill. en noir et en coul., couv. ill. en coul. _d18 cm |
||
| 225 | 2 | _aÉtonnants classiques | |
| 225 | 2 | _x1269-8822 | |
| 410 | _004047223X | ||
| 410 |
_tÉtonnants classiques (Paris) _x1269-8822 |
||
| 454 | _tRotkäppchen | ||
| 608 |
_3029344913 _aContes littéraires allemands _3027794059 _z19e siècle _2rameau |
||
| 610 | _aConte | ||
| 686 |
_a803 _2Cadre de classement de la Bibliographie nationale française |
||
| 700 | 1 |
_aGrimm _bJacob _f1785-1863 |
|
| 700 | 1 |
_3026903458 _4070 _4220 |
|
| 701 | 1 |
_aGrimm _bWilhelm _f1786-1859 |
|
| 701 | 1 |
_aGuerne _bArmel _f1911-1980 |
|
| 701 | 1 |
_aPieri _bCaecilia |
|
| 701 | 1 |
_3026903466 _4070 _4220 |
|
| 701 | 1 |
_3026906597 _4730 |
|
| 701 | 1 |
_3030092817 _ctraductrice _4340 |
|
| 801 | 3 |
_aFR _bAbes _c20250513 _gAFNOR |
|
| 801 | 0 |
_aFR _bFR-751131015 _c20140617 _gAFNOR |
|